000 00450nam a2200169 4500
003 OSt
005 20240715015737.0
006 a
008 240715b |||||||| |||| 00| 0 eng d
020 _a9718984097
040 _aDWCL-Main lib.
_cOC
082 _aFil. 263.91 T161c 2000
100 _aTan , Earnest l.
245 _aThe christmas spirit lives on /
260 _aManila:
_bSpiritus Works Publication,
_cc2000.
942 _2ddc
_n0
_cBK - FIL
_kFil.
999 _c2151
_d2151